| 000 | 00722nam a2200205 a 4500 | ||
|---|---|---|---|
| 999 |
_c1670 _d1670 |
||
| 001 | 1670 | ||
| 003 | CDMR | ||
| 005 | 20190913145056.0 | ||
| 008 | 130130s2000||||sp g||||||||||||||||cat|d | ||
| 020 | _a8469925741 | ||
| 040 |
_aCDMR _bcat _cCDMR |
||
| 240 |
_aInforme de la comunicació a Catalunya _03996 |
||
| 245 | 0 | 0 |
_aInforme de la comunicació a Catalunya 2000 _cMaria Corominas, Miquel de Moragas Spà (eds.) |
| 260 |
_aBellaterra _c2000 _bInstitut de la Comunicació de la Universitat Autònoma de Barcelona |
||
| 300 | _a397 p. | ||
| 700 | 1 |
_92139 _aCorominas, Maria |
|
| 700 | 1 |
_9475 _aMoragas Spà, Miquel de |
|
| 710 | 2 |
_91253 _aUniversitat Autònoma de Barcelona _b -- Institut de la Comunicació |
|
| 942 |
_cMON _2ddc |
||